MDQL
is popping MORE tags! Check the
thread
!
Quizzes
Events
Quiz Creation
Community
Videos
Private Events
Remove Ads
Sign In
Join for FREE
Feedback
Dark Mode
Quiz Categories
Sports
Geography
Music
Movies
Television
Just For Fun
Miscellaneous
History
Literature
Language
Science
Gaming
Entertainment
Religion
Holiday
For Kids
Quiz Lab
Recent
Popular Today
Quiz Kudos Today
Editor Picks
Curator Picks
Quizzes by...
Day
Popularity
Type
Ratings
Length
Year
Community
Subscriptions
Recent Discussions
Orange Saloon
Badges
Playlists
Quests
Create
Leaderboards
Showdown
Live 5
Trivia Bingo
Activity
Puzzle Library
Sporcle Events
Private Events
Virtual Trivia
Globe League
Become a Host
Pub Owners
SporcleCon
Opinionation
Our Games
Videos
Blog
Mobile Apps
Partnerships
Remove Ads and Go Orange
Feedback
Sports
Athletes
MLB
NBA
NHL
NFL
Soccer
Sports Teams
WWE
NCAA
Football
Premier League
Basketball
Baseball
Hockey
Golf
Tennis
Cricket
Rugby
Auto Racing
Olympics
World Cup
Sports
Athletes
MLB
NBA
NHL
NFL
Soccer
Sports Teams
WWE
NCAA
Football
Premier League
Basketball
Baseball
Hockey
Golf
Tennis
Cricket
Rugby
Auto Racing
Olympics
World Cup
Random Quiz
Search Sporcle
×
Quiz Lab
Quiz Lab
Sports
MLB
Type in answers that appear in a list
Type in answers that appear in a list
Classic
Best Score? Go Orange.
MLB Home Run Leaders (1950-2010) Stats
Can you name the MLB Home Run Leaders (1950-2010)?
By
princeman11
12m
61 Questions
1,877 Plays
1,877 Plays
1,877 Plays
Comments
Comments
Give Quiz Kudos
Give Quiz Kudos
-
- Ratings
hide this ad
More Info
Replay
Link that replays current quiz
Next Quiz
Link to next quiz in quiz playlist
You Got
0%
They Got
Avg Score
86%
Avg Friend Score
Upgrade to see
Score Distribution
Jump to the score distribution portion of the page
Score
0/61
Timer
12:00
0
Plays Today
Year
Player
% Correct
2001
Barry Bonds
98.9%
1987
Mark McGwire
98.8%
1996
Mark McGwire
98.8%
1998
Mark McGwire
98.8%
1999
Mark McGwire
98.8%
2002
Alex Rodriguez
98.2%
2003
Alex Rodriguez
98.2%
2007
Alex Rodriguez
98.2%
1968
Frank Howard
98%
2006
Ryan Howard
97.9%
2008
Ryan Howard
97.9%
2000
Sammy Sosa
97.8%
2005
Andruw Jones
97.1%
2009
Albert Pujols
97%
1974
Mike Schmidt
95.5%
1975
Mike Schmidt
95.5%
1976
Mike Schmidt
95.5%
1980
Mike Schmidt
95.5%
1981
Mike Schmidt
95.5%
1983
Mike Schmidt
95.5%
1955
Willie Mays
94.8%
1962
Willie Mays
94.8%
1965
Willie Mays
94.8%
1956
Mickey Mantle
93.5%
1961
Roger Maris
93.3%
2010
Jose Bautista
92.6%
1988
Jose Canseco
92%
1991
Jose Canseco
92%
1997
Mark McGwire
91.5%
1963
Harmon Killebrew
91.4%
1964
Harmon Killebrew
91.4%
Year
Player
% Correct
1967
Harmon Killebrew
91.4%
1969
Harmon Killebrew
91.4%
1958
Ernie Banks
89.2%
1960
Ernie Banks
89.2%
1970
Johnny Bench
88.7%
1972
Johnny Bench
88.7%
1995
Albert Belle
88.7%
1992
Juan Gonzalez
88.5%
1993
Juan Gonzalez
88.5%
1990
Cecil Fielder
88.4%
1957
Hank Aaron
88.3%
1971
Willie Stargell
87.5%
1973
Willie Stargell
87.5%
1966
Frank Robinson
87.1%
1978
Jim Rice
84.1%
2004
Adrian Beltre
80.8%
1994
Matt Williams
78.5%
1950
Ralph Kiner
77%
1951
Ralph Kiner
77%
1952
Ralph Kiner
77%
1977
George Foster
74.4%
1989
Kevin Mitchell
71.9%
1982
Reggie Jackson
70.4%
1959
Eddie Mathews
69%
1985
Darrell Evans
64.6%
1979
Dave Kingman
62%
1986
Jesse Barfield
53.2%
1984
Tony Armas
53%
1954
Ted Kluszewski
49%
1953
Al Rosen
44.4%
Quiz Playlist
Details
Report
Send in Message
Add To Playlist
More Info:
For 1952, 1967, 1982, and 1991, there were two winners, but i only accepted one
Classic:
Type in answers that appear in a list
Quiz Source
Last Updated: Feb 16, 2017
Quiz Scoreboard
CHALLENGE
Sign Up to Join the Scoreboard
Show All
Scores
Hide
Comments
May contain spoilers
Recently Published
5x2 Blitz: Bands
by SL_Kpop136
Music
30s
Colored Red Africa Blitz
by spor1
Geography
30s
Find the 'City' Movie
by crazypaving
Movies
60s
More to Explore
Quiz From the Vault
Featured Blog Post
14 Easter Pick-up Lines to Find Eggs With
hide this ad
You Might Also Like...
Tags
Baseball Quiz
MLB Quiz
1950s
home
Home Runs
Player
run
team
Today's Top Quizzes in Sports
Browse Sports
hide this ad
Today's Top Quizzes in MLB
Browse MLB
Top Contributed Quizzes in Sports
1
Players with Multiple 50 Home Run Seasons
2
Les entraîneurs de l'OM et du PSG au 21e siècle
3
Criteria MLB: Left Handed Sluggers
4
2022 World Cup Stars
5
Les meilleurs buteurs des matchs entre le PSG et l’OM
6
Who Hit More Homers?
7
Les joueurs passés par le PSG et l'OM
8
NBA Logic Puzzle 2.0
9
Top 10 NHL Goal Scorers of All Time
10
MLB Players with Two .350 Batting Average Seasons
Explore More
Trending Topics
Disney
Harry Potter
Anime
Kpop
Crossword
Marvel
NBA
Pokémon
WWE
Soccer
Song
NFL
Country
The Office
Puzzle
hide this ad
More By:
princeman11
Quiz
Plays
Rating
Category
Featured
Created
MLB Home Run Leaders (1950-2010)
1,877
2.35
Sports
Jun 3, 2011
Lionel Messi:Goals Scored for Barcelona (2010-2011)
1,706
2.80
Sports
Jun 5, 2011
Dallas Mavericks 2011 NBA Finals Starting Line Ups
556
1.71
Sports
Jun 2, 2011
Miami Heat NBA Finals Starting Line- Up
252
3.00
Sports
Jun 2, 2011
MLB Homer Run Leaders (1900-1949)
90
3.00
Sports
Jun 5, 2011
Go to Creator's Profile
Score Distribution
Quiz Creator Spotlight
princeman11
Follow
Send a Message
Quizzes Created
-
Created Quiz Play Count
-
More By This Creator
Popular Quizzes Today
1
Colored Red Africa Blitz
2
Find the 'City' Movie
3
Find the US States - No Outlines Minefield
4
5x2 Blitz: Bands
5
The Countries of the World
6
Find the US States
7
US States
8
9x9 Crossword: Cartoon Network
More Sports Quizzes
UEFA Champions League History
Quiz Lab
Trending Quizzes
Colored Red Europe Blitz I
Colored Red Europe Blitz II
Colored Red Africa Blitz II
Colored Red Europe Blitz III
Colored Red Africa Blitz III
Recently Updated
How Do You Spell That?
pecheneg
Godzilla Movies
pecheneg
Grab Bag: 4-10 Letters
pecheneg
2024 March Madness Bracket
pecheneg
Famous TV Couples
Peacemaker
Champions League XIs: Real Madrid
pecheneg
Largest US Cities 1790-2010
pecheneg
Rides in Walt Disney World
pecheneg
Most Oscar Losses (Acting)
pecheneg
Beyoncé Albums
pecheneg
Trending Topics
Anime
NBA
Marvel
Kpop
Disney
Crossword
Harry Potter
NFL
The Office
Puzzle
Pokémon
WWE
Song
Soccer
Country
Your Account Isn't Verified!
In order to create a playlist on Sporcle, you need to verify the email address you used during registration. Go to your
Sporcle Settings
to finish the process.
Report this User
Report this user for behavior that violates our
Community Guidelines
.
Details:
Send Report
Go to the Sporcle.com Mobile Site →
Comments